000
00335nam a2200133Ia 4500
008
151001s9999||||xx |||||||||||||| ||und||
100
_a
दुर्गा - भागवत
245
_a
निसर्गोत्सव
250
_a
1
260
_b
दिलीप
260
_c
1996
300
_a
127
365
_b
21
999
_c
973509
_d
973506